Les plus gros producteurs de cotons au monde - Statistiques

Statistiques générales
  • Ce quiz a été pris 123 fois
  • Le résultat moyen est 9 sur 15
Statistiques - réponses
Production (en tonnes) Pays % Correct
6 102 800 Chine
96%
4 690 000 Inde
96%
4 003 950 États-Unis
93%
1 627 070 Brésil
89%
300 000 Argentine
83%
400 000 Mexique
83%
1 677 287 Pakistan
73%
976 600 Turquie
69%
950 395 Australie
67%
756 700 Ouzbékistan
39%
204 000 Turkménistan
30%
314 000 Grèce
28%
405 000 Mali
23%
205 000 Bénin
16%
175 700 Burkina Faso
16%
Aucun quiz correspondant
Distribution des résultats
% des personnes avec chaque résultat
Percentile par nombre de réponses
Votre historique - résultats
Vous n’avez pas pris ce quiz